000
00252nam a2200109Ia 4500
008
190912s9999||||xx |||||||||||||| ||und||
100
_a
Niazi,Munir
245
2
_a
A CRY in the Wilderness
260
_a
Karachi
_b
Addision
_c
2002
300
_a
65
942
_c
BK
999
_c
7556
_d
7556